000 00683nam a2200205Ia 4500
003 GCL
008 140319s9999 xx 000 0 ara d
040 _aGCL /
_cGCL
082 0 4 _a545
_bو م
100 1 _aوزارة التعليم العالى والبحث ال
245 1 0 _aمقدمة فى الكيمياء الحياتية الرياضية /
_cوزارة التعليم العالى والبحث ال
700 1 _aصفاء المرعب
260 _a[S.N] :
_bكلية التربية الرياضية
300 _a192 ص
490 _a
650 0 4 _aالكيمياء
650 0 4 _aالرياضيات
650 0 4 _aالرياضة التطبيقية
942 _2ddc
_cBK
999 _c34956
_d34956